<?xml version="1.0" encoding="UTF-8"?>
<record
    xmlns:xsi="http://www.w3.org/2001/XMLSchema-instance"
    xsi:schemaLocation="http://www.loc.gov/MARC21/slim http://www.loc.gov/standards/marcxml/schema/MARC21slim.xsd"
    xmlns="http://www.loc.gov/MARC21/slim">

  <leader>02913cam a2200361 i 4500</leader>
  <controlfield tag="001">Rebiun36299968</controlfield>
  <controlfield tag="006">m     o  d</controlfield>
  <controlfield tag="007">cr |||||||||||</controlfield>
  <controlfield tag="008">240412s2024    nju     ob    001 0 eng</controlfield>
  <datafield tag="010" ind1=" " ind2=" ">
    <subfield code="a">2024010577</subfield>
  </datafield>
  <datafield tag="020" ind1=" " ind2=" ">
    <subfield code="a">9781292727035</subfield>
  </datafield>
  <datafield tag="020" ind1=" " ind2=" ">
    <subfield code="a">9781292458786 </subfield>
    <subfield code="q">ebook</subfield>
  </datafield>
  <datafield tag="040" ind1=" " ind2=" ">
    <subfield code="a">DLC </subfield>
    <subfield code="b">eng </subfield>
    <subfield code="e">rda </subfield>
    <subfield code="c">DLC </subfield>
    <subfield code="d">OCLCO </subfield>
    <subfield code="d">YDX </subfield>
    <subfield code="d">N$T </subfield>
    <subfield code="d">UKAHL</subfield>
  </datafield>
  <datafield tag="041" ind1=" " ind2=" ">
    <subfield code="a">English</subfield>
  </datafield>
  <datafield tag="042" ind1=" " ind2=" ">
    <subfield code="a">pcc</subfield>
  </datafield>
  <datafield tag="100" ind1=" " ind2=" ">
    <subfield code="a">Kotler, Philip</subfield>
    <subfield code="e">author</subfield>
    <subfield code="9">1123</subfield>
  </datafield>
  <datafield tag="245" ind1="1" ind2="0">
    <subfield code="a">Marketing management </subfield>
    <subfield code="c">/ Philip Kotler, Kevin Lane Keller, Mairead Brady, Malcolm Goodman, Torben Hansen</subfield>
  </datafield>
  <datafield tag="250" ind1=" " ind2=" ">
    <subfield code="a">5th European edition</subfield>
  </datafield>
  <datafield tag="264" ind1=" " ind2="1">
    <subfield code="a">Hoboken : </subfield>
    <subfield code="b">Pearson Education Limited, </subfield>
    <subfield code="c">2024</subfield>
  </datafield>
  <datafield tag="300" ind1=" " ind2=" ">
    <subfield code="a">1 online resource</subfield>
  </datafield>
  <datafield tag="504" ind1=" " ind2=" ">
    <subfield code="a">Includes bibliographical references and index</subfield>
  </datafield>
  <datafield tag="520" ind1=" " ind2=" ">
    <subfield code="a">The undisputed global bestseller in marketing management that consistently reflect changes in marketing theory and practice A key text both for undergraduate and postgraduate programmes in Marketing Management. An encyclopaedia of marketing, the classic Marketing Management is considered by many as the authoritative book on the subject. Inspired by the US editions, the 5th European edition of this bestselling text offers an overview of marketing through accessible, theoretically rigorous content underpinned by managerial relevance. It explores the challenges facing European marketing practitioners and admirably covers a wide range of concepts examining traditional aspects of marketing and blending them with modern and future themes. Key features of this book include: A structure designed specifically to fit the way the course is taught in Europe New and updated in-depth European case studies help readers bridge the gap between knowledge and practice Focus on digital technologies such as robotics, AI, augmented and virtual reality, and their impact on marketing management skill sets and practices Coverage of the latest trends and developments in the marketing field, such as social media marketing, ethical issues and sustainability Featuring work from prominent European academics, new practical examples and exercises, it remains one of the most significant textbooks in marketing management.</subfield>
    <subfield code="c">Provided by publisher</subfield>
  </datafield>
  <datafield tag="630" ind1=" " ind2="0">
    <subfield code="a">B1 Discovering Marketing (BiM)</subfield>
    <subfield code="9">26597</subfield>
  </datafield>
  <datafield tag="630" ind1=" " ind2="0">
    <subfield code="a">&#x200B;&#x200B;MSc Fashion &amp; Luxury Marketing - Understanding Fashion &amp; Luxury Markets and customers&#x200B; </subfield>
    <subfield code="9">26039</subfield>
  </datafield>
  <datafield tag="650" ind1=" " ind2="0">
    <subfield code="a">Marketing</subfield>
    <subfield code="x">Management</subfield>
    <subfield code="9">9256</subfield>
  </datafield>
  <datafield tag="700" ind1=" " ind2=" ">
    <subfield code="a">Keller, Kevin Lane</subfield>
    <subfield code="d">1956-</subfield>
    <subfield code="e">author</subfield>
    <subfield code="9">2447</subfield>
  </datafield>
  <datafield tag="700" ind1=" " ind2=" ">
    <subfield code="a">Brady, Mairead</subfield>
    <subfield code="e">author</subfield>
    <subfield code="9">21391</subfield>
  </datafield>
  <datafield tag="700" ind1=" " ind2=" ">
    <subfield code="a">Goodman, Malcolm</subfield>
    <subfield code="e">author</subfield>
    <subfield code="9">21390</subfield>
  </datafield>
  <datafield tag="700" ind1=" " ind2=" ">
    <subfield code="a">Hansen, Torben,</subfield>
    <subfield code="d">1966-), </subfield>
    <subfield code="e">author</subfield>
  </datafield>
  <datafield tag="776" ind1="0" ind2="8">
    <subfield code="i">Print version:</subfield>
    <subfield code="a">Kotler, Philip. </subfield>
    <subfield code="t">Marketing management </subfield>
    <subfield code="b">5th European edition. </subfield>
    <subfield code="d">Hoboken : Pearson Education Limited, 2024 </subfield>
    <subfield code="z">9781292727035 </subfield>
    <subfield code="w">(DLC) 2024010576</subfield>
  </datafield>
  <datafield tag="856" ind1=" " ind2=" ">
    <subfield code="u">https://bibliotheque.tbs-education.fr/Default/doc/SYRACUSE/3399068/marketing-management</subfield>
  </datafield>
  <datafield tag="942" ind1=" " ind2=" ">
    <subfield code="2">lcc</subfield>
  </datafield>
  <datafield tag="952" ind1=" " ind2=" ">
    <subfield code="0">0</subfield>
    <subfield code="1">0</subfield>
    <subfield code="2">lcc</subfield>
    <subfield code="4">0</subfield>
    <subfield code="7">0</subfield>
    <subfield code="8">CT</subfield>
    <subfield code="a">TBS</subfield>
    <subfield code="b">TBS</subfield>
    <subfield code="d">2025-09-05</subfield>
    <subfield code="l">0</subfield>
    <subfield code="r">2025-09-05</subfield>
    <subfield code="t">1</subfield>
    <subfield code="u">https://bibliotheque.tbs-education.fr/Default/doc/SYRACUSE/3399068/marketing-management</subfield>
    <subfield code="w">2025-09-05</subfield>
    <subfield code="y">EBOOK</subfield>
    <subfield code="z">ebook</subfield>
  </datafield>
  <datafield tag="999" ind1=" " ind2=" ">
    <subfield code="c">4908</subfield>
    <subfield code="d">4908</subfield>
  </datafield>
</record>
